| 000 | 00623cam a22002293a 4500 | ||
|---|---|---|---|
| 001 | 19307 | ||
| 003 | PGUSA | ||
| 005 | 20140828083417.0 | ||
| 008 | 060917s2006||||xxu|||||s|||||000 1 eng d | ||
| 040 |
_aPGUSA _beng |
||
| 042 | _adc | ||
| 050 | 4 | _aPR | |
| 100 | 1 |
_aMundy, Talbot, _d1879-1940 |
|
| 245 | 1 | 4 |
_aThe Lion of Petra _h[electronic resource] / _cTalbot Mundy |
| 260 |
_bProject Gutenberg, _c2006 |
||
| 506 | _aPublic domain in the USA. | ||
| 516 | _aElectronic text | ||
| 653 | _aMiddle East -- Fiction | ||
| 830 | 0 |
_aProject Gutenberg _v19307 |
|
| 856 | 4 | 0 | _uhttp://www.gutenberg.org/ebooks/19307 |
| 942 | _cEB | ||
| 999 |
_c248562 _d248562 |
||